Male-female labour market participation and wage differentials in Greece

Αποθηκεύτηκε σε:
Λεπτομέρειες βιβλιογραφικής εγγραφής
Κύριος συγγραφέας: Κανελλόπουλος, Κωσταντίνος Ν.
Συγγραφή απο Οργανισμό/Αρχή: Κέντρο Προγραμματισμού και Οικονομικών Ερευνών
Άλλοι συγγραφείς: Μαυρομαράς, Κωνσταντίνος Γ.
Μορφή: Βιβλίο
Γλώσσα:English
Δημοσίευση: Athens : Centre of Planning and Economic Research, 2000
Σειρά:Εργασίες για συζήτηση = Discussion papers ; ; 71
Θέματα:
Ετικέτες: Προσθήκη ετικέτας
Δεν υπάρχουν, Καταχωρήστε ετικέτα πρώτοι!

MARC

LEADER 00000cam a2200000 i 4500
001 1/21127
008 010913s2000 eng d
035 |l 10067243 
040 |a GR-MY-UA  |b gre  |e aacr 
041 0 |a eng 
082 0 |a 331.2109495 
100 1 |a Κανελλόπουλος, Κωσταντίνος Ν. 
110 2 |a Κέντρο Προγραμματισμού και Οικονομικών Ερευνών. 
245 1 0 |a Male-female labour market participation and wage differentials in Greece /  |c C. N. Kanellopoulos; K. G. Mavromaras ; Centre of Planning and Economic Research 
260 |a Athens :   |b Centre of Planning and Economic Research,   |c 2000 
300 |a 44 p.; ill. 
490 1 |a Discussion papers  |v ; 71 
504 |a Περιέχει βιβλιογραφία 
650 0 0 |a Wage differentials  |z Greece. 
650 0 0 |a Sex discrimination in employment  |z Greece. 
650 0 0 |a Wages  |x Women  |z Greece. 
700 1 |a Μαυρομαράς, Κωνσταντίνος Γ. 
830 0 |a Εργασίες για συζήτηση = Discussion papers ;  |v ; 71 
852 |a INST  |b LESVOS  |e 20010913  |h 331.2109495 ΚΑΝ  |p 005100027106  |q 005100027106  |t BK  |y 0 
901 |a BIBL1-2001-2 
909 |a Λ  |b 088135 
970 |a ΚΑΜΑΤΣΟΥ  |b ΔΕΣΠΟΙΝΑ  |z 2001/09/13